| 000 | 01907cam a22001814a 4500 | ||
|---|---|---|---|
| 005 | 20250605164147.0 | ||
| 008 | 250528s ||||||||||||||||||||||||d | ||
| 035 | _a19234 | ||
| 040 |
_aGR-AtMCL _bgre _dGR-AtMCL _eAACR2 |
||
| 245 | 1 | _aΕκθέσεις 8 / Εξελίξεις στο Διεθνές Χρηματοπιστωτικό Σύστημα και η Ενοποίηση της Ευρωπαΐκής Αγοράς: Επιπτώσεις για την Ελλάδα | |
| 260 |
_bΚέντρο Προγραμματισμού Και Οικονομικών Ερευνών, _c1992 |
||
| 300 | _a544 | ||
| 520 | _aΠεριεχόμενα, Γενική Εισαγωγή, Ανταγωνιστικές Συνθήκες στο Διεθνές Χρηματοπιστωτικό Σύστημα: Απορρύθμιση και Μακροοικονομικό Περιβάλλον και Νέα Tεχνολογία, Η Χρηματοοικονομική Επανάσταση: Νέες Μορφές Προσφοράς Χρηματοπιστωτικών Υπηρεσιών, Νέα Χρηματοπιστωτικά Μέσα, Η Ενιαία Ευρωπαϊκή Αγορά Χρηματοπιστωτικών Υπηρεσιών και η Σημασία της για την Ελλάδα, Θέσπιση Κοινών Κανόνων για την Ενίσχυση της Τραπεζικής Εποπτείας, Οι Επιπτώσεις στα Ευρωπαϊκά Χρηματοπιστωτικά Συστήματα και Ιδιαίτερα στην Ελλάδα από τη Χρηματοπιστωτική Επανάσταση και την Ενοποίηση της Ευρωπαϊκής Αγοράς, Γενικά Συμπεράσματα και Προτάσεις Πολιτικής, Βιβλιογραφία. | ||
| 700 | 1 |
_aΜαρούλης Δημήτριος Κ _92516 |
|
| 942 | _cBK | ||
| 999 |
_c4500 _d4500 |
||